000 00513nam a2200193Ia 4500
001 22896
003 GE_BSU
008 181216s||||||||xx |||||||||||||| ||und||
040 _cGE_BSU
245 _aОртодонтия №1 (82) 20182
245 _cГл. ред. Л.В.Польма
260 _aМосква
260 _c2018
300 _a64 стр. 30см. илл.
653 _aОртодонтия №2 (82) 2018
653 _aПериодика
653 _aპერიოდიკა
942 _cCR
999 _c55799
_d55799